Bangladesh, Presidents of - Statistics

General Stats
  • This quiz has been taken 10 times
  • The average score is 3 of 18
Answer Stats
Term Party President % Correct
1975 BAKSAL Sheikh Mujibur Rahman
67%
1977-1981 Bangladesh Nationalist Party Ziaur Rahman
50%
2013-2023 Bangladesh Awami League Mohammad Abdul Hamid
33%
2023-Incumbent Bangladesh Awami League Mohammed Shahabuddin
33%
2009-2013 Bangladesh Awami League Zillur Rahman
33%
1991-1996 Bangladesh Nationalist Party Abdur Rahman Biswas
17%
1983-1990 Jatiya Party Hussain Muhammad Ershad
17%
1990-1991 Independent Shahabuddin Ahmed
17%
1996-2001 Independent Shahabuddin Ahmed
17%
1981-1982 Bangladesh Nationalist Party Abdus Sattar
0%
1975-1977 Bangladesh Awami League Abu Sadat Mohammad Sayem
0%
1972-1973 Bangladesh Awami League Abu Sayeed Chowdhury
0%
1982-1983 Independent Ahsanuddin Chowdhury
0%
2001-2002 Bangladesh Nationalist Party Badruddoza Chowdhury
0%
2002-2009 Independent Iajuddin Ahmed
0%
1975 Bangladesh Awami League Khondaker Mostaq Ahmad
0%
1973-1975 Bangladesh Awami League Mohammad Mohammadullah
0%
2002 Bangladesh Nationalist Party Muhammad Jamiruddin Sircar
0%
No matching quizzes found
Score Distribution
Percent of People with Each Score
Percentile by Number Answered
Your Score History
You have not taken this quiz